Times que nunca foram Rebaixados - Statistics

Estatísticas Gerais
  • Esse quiz foi jogado 45 vezes
  • A pontuação média é 12 de 24
Estatísticas das Respostas
Imagem Resposta % Correto
Flamengo
100%
São Paulo
98%
Boca Juniors
88%
Porto
81%
Barcelona
76%
Benfica
76%
Mirassol
76%
Real Madrid
76%
Ajax
74%
Sporting
71%
PSV
67%
Peñarol
64%
Nacional
62%
Feyenoord
48%
Inter de Milao
48%
Athletic Bilbao
33%
RB Leipzig
7%
Boston River
2%
Hoffenheim
2%
Union Berlin
2%
Barracas Central
0%
Deportivo Riestra
0%
Independiente Rivadavia
0%
Ultrecht
0%
Nenhum quiz correspondente encontrado
Distribuição das Pontuações
Porcentagem de Pessoas com Cada Pontuação
Percentil de Números Respondidos
Sua Pontuação Histórica
Você não jogou esse quiz